| 000 | 00864nam a2200229 a 4500 | ||
|---|---|---|---|
| 001 | BRCA_1992 | ||
| 005 | 20190320203629.0 | ||
| 008 | 290508s1990----mx-a---###---#000-0#spa-# | ||
| 050 | 4 |
_aPM4297 _b.G55 1990 |
|
| 100 | 1 |
_aGilberti, Maturino _d1498-1585 _96105 |
|
| 245 | 1 | 0 |
_aVocabulario en lengua de Mechuacan _cFray Maturino Gilberti. |
| 260 |
_aCiudad de México _bCONDUMEX _c1990 |
||
| 300 |
_a1 v. (en varias paginaciones) _bil. _c23 cm. |
||
| 500 | _aFacsímil de : Juan Pablos, 1559 | ||
| 500 | _aEdición conmemorativa del vigésimo quinto aniversario del Centro de Estudios de Historia de México CONDUMEX | ||
| 650 | 1 | 4 |
_aTarasco _xGramática _96106 |
| 650 | 1 | 4 |
_aTarasco _xDiccionarios _96107 |
| 650 | 1 | 4 |
_aLenguas indígenas _zMichoacán - Querétaro - Guanajuato _96108 |
| 650 | 1 | 4 |
_aImpresos mexicanos _ySiglo XVI _96109 |
| 902 | _aREF | ||
| 942 |
_2lcc _cB |
||
| 999 |
_c1759 _d1759 |
||